| 000 | 00443cam a2200181ua 4500 | ||
|---|---|---|---|
| 020 | _c1.00 | ||
| 041 |
_amal _h |
||
| 082 |
_a894.812301 _bGOV/AL |
||
| 100 | _aGovindamenon, K T . | ||
| 245 |
_aAlpam karachil adhikam chiri / _cK T Govindamenon. _hTextual Documents |
||
| 250 |
_a1 / _b. |
||
| 260 |
_aCalicut : _bP K Brothers , _c1959. |
||
| 300 | _a92 ; . | ||
| 365 | _a1.00 | ||
| 504 | _a | ||
| 942 | _cBK | ||
| 999 |
_c12601 _d12601 |
||